Calculus of variations and partial differential equation of the first oder part II (Record no. 568845)
[ view plain ]
| 000 -LEADER | |
|---|---|
| fixed length control field | 00859nam a2200241Ia 4500 |
| 003 - CONTROL NUMBER IDENTIFIER | |
| control field | OSt |
| 005 - DATE AND TIME OF LATEST TRANSACTION | |
| control field | 20220925215443.0 |
| 008 - FIXED-LENGTH DATA ELEMENTS--GENERAL INFORMATION | |
| fixed length control field | 220923b |||||||| |||| 00| 0 eng d |
| 037 ## - SOURCE OF ACQUISITION | |
| Terms of availability | General Book |
| 040 ## - CATALOGING SOURCE | |
| Original cataloging agency | RTL |
| Transcribing agency | RTL |
| Language of cataloging | eng |
| 041 ## - LANGUAGE CODE | |
| Source of code | eng |
| Language code of text/sound track or separate title | eng |
| 100 ## - MAIN ENTRY--PERSONAL NAME | |
| Personal name | Caratheodory C |
| 9 (RLIN) | 48400 |
| 245 #0 - TITLE STATEMENT | |
| Title | Calculus of variations and partial differential equation of the first oder part II |
| Remainder of title | Calculus of variations |
| 260 ## - PUBLICATION, DISTRIBUTION, ETC. | |
| Place of publication, distribution, etc. | London |
| Name of publisher, distributor, etc. | Holden-day inc |
| Date of publication, distribution, etc. | 1967 |
| 300 ## - PHYSICAL DESCRIPTION | |
| Extent | xvi,398p. |
| Dimensions | cm. |
| 490 ## - SERIES STATEMENT | |
| Volume/sequential designation | V2: Calculus of variatons Tr by Robert B Dean and ed by Julius J Brandstatter |
| Series statement | Holden-Day Series in Mathematical Physics Ed by Julius J Brandstatter |
| 650 ## - SUBJECT ADDED ENTRY--TOPICAL TERM | |
| Topical term or geographic name entry element | Special Functions |
| 942 ## - ADDED ENTRY ELEMENTS (KOHA) | |
| Classification part | B42, K7.2 |
| Koha item type | General Books |
| Source of classification or shelving scheme | Colon Classification (CC) |
| Withdrawn status | Lost status | Damaged status | Not for loan | Home library | Current library | Date acquired | Serial Enumeration / chronology | Total Checkouts | Full call number | Barcode | Date last seen | Price effective from | Koha item type |
|---|---|---|---|---|---|---|---|---|---|---|---|---|---|
| Ratan Tata Library | Ratan Tata Library | 2022-09-25 | V2: Calculus of variatons Tr by Robert B Dean and ed by Julius J Brandstatter | B42 K7.2 | RT0050875 | 2022-09-25 | 2022-09-25 | General Books |
